Laboratory manual in biochemistry (Record no. 18924)
[ view plain ]
| 000 -LEADER | |
|---|---|
| fixed length control field | 00571nam a22002177a 4500 |
| 003 - CONTROL NUMBER IDENTIFIER | |
| control field | OSt |
| 005 - DATE AND TIME OF LATEST TRANSACTION | |
| control field | 20140310183120.0 |
| 008 - FIXED-LENGTH DATA ELEMENTS--GENERAL INFORMATION | |
| fixed length control field | 130510t xxu||||| |||| 00| 0 eng d |
| 020 ## - INTERNATIONAL STANDARD BOOK NUMBER | |
| International Standard Book Number | 9710863894 |
| 050 ## - LIBRARY OF CONGRESS CALL NUMBER | |
| Classification number | QD415.5 |
| Item number | F475 2004 |
| 082 ## - DEWEY DECIMAL CLASSIFICATION NUMBER | |
| Classification number | FIL 572.078 |
| Item number | F46 2004 |
| 245 ## - TITLE STATEMENT | |
| Title | Laboratory manual in biochemistry |
| Statement of responsibility, etc | Figueroa, Lolibeth |
| 260 ## - PUBLICATION, DISTRIBUTION, ETC. (IMPRINT) | |
| Place of publication, distribution, etc | Mandaluyong City |
| Name of publisher, distributor, etc | National Book Store |
| Date of publication, distribution, etc | 2004 |
| 300 ## - PHYSICAL DESCRIPTION | |
| Extent | 86 p. |
| Dimensions | 27 cm |
| 521 ## - TARGET AUDIENCE NOTE | |
| Target audience note | |
| 526 ## - STUDY PROGRAM INFORMATION NOTE | |
| Reading level | 1210L-1700L |
| 541 ## - IMMEDIATE SOURCE OF ACQUISITION NOTE | |
| -- | 1 |
| 541 ## - IMMEDIATE SOURCE OF ACQUISITION NOTE | |
| -- | 2 |
| 562 ## - COPY AND VERSION IDENTIFICATION NOTE | |
| Number of copies | 2 |
| 942 ## - ADDED ENTRY ELEMENTS (KOHA) | |
| Source of classification or shelving scheme | Library of Congress Classification |
| Koha item type | Books |
| Call number prefix | Filipininana |
| Withdrawn status | Lost status | Source of classification or shelving scheme | Damaged status | Home library | Current library | Shelving location | Date acquired | Source of acquisition | Total Checkouts | Full call number | Barcode | Date last seen | Copy number | Price effective from | Koha item type | Date checked out |
|---|---|---|---|---|---|---|---|---|---|---|---|---|---|---|---|---|
| Library of Congress Classification | College Library | College Library | Filipiniana Section | 05/10/2013 | Donation | QD415.5 .F475 2004 | C5911 | 10/08/2018 | 1 | 05/10/2013 | Books | |||||
| Library of Congress Classification | College Library | College Library | Filipiniana Section | 05/10/2013 | Donation | 1 | QD415.5 .F475 2004 | C5128 | 07/06/2022 | 2 | 05/10/2013 | Books | 03/28/2022 |